000 00758nam a2200253Ia 4500
003 OSt
005 20220923222230.0
006 a|||||r|||| 00| 0
007 ta
008 Pun
024 _a203,875
037 _cTextual
040 _aARTS
_cARTS
_bPun
041 _2Pun
_aPun
082 _aO153,1N19x, 152L3
100 _aअमृता प्रीतम
_9156318
245 0 _aकागज़ और कैनवस
246 _aKāgaज़ aur kainavasa
260 _aदिल्ली
_b राजकमल प्रकाशन
_c1973
300 _a155पृ0
_ccm.
650 _aपंजाबी निबंध
942 _hO153,1N19x, 152L3
_cTEXL
_2CC
999 _c354625
_d354625